लोड हो रहा है...
Growth and income distribution in india : policy and performance since independence
| मुख्य लेखक: | |
|---|---|
| स्वरूप: | Printed Book |
| भाषा: | Undetermined |
| प्रकाशित: |
New Delhi
Sage Publications
1987
|
| LEADER | 00552nam a2200133Ia 4500 | ||
|---|---|---|---|
| 008 | 161229s9999 xx 000 0 und d | ||
| 082 | |a 338.9 SUN/GR | ||
| 100 | |a R M Sundrum | ||
| 245 | |a Growth and income distribution in india : policy and performance since independence | ||
| 260 | |b Sage Publications |a New Delhi |c 1987 | ||
| 300 | |a 356 | ||
| 942 | |c BK | ||
| 999 | |c 152740 |d 152740 | ||
| 952 | |0 0 |1 0 |4 0 |6 338_900000000000000_SUNGR |7 0 |9 151805 |a KAUCLV |b KAUCLV |d 2016-12-29 |g 95.00 |o 338.9 SUN/GR |p 904049 |r 2016-12-29 |w 2016-12-29 |y BK |z Book transferred from CCBM Library ,Acc.No:810 | ||